Ghost Type Pokemon Abilities - Statistics

General Stats
  • This quiz has been taken 45 times
    4 since last reset
  • The average score is 68 of 72
Answer Stats
Gen Ability % Correct
8 Adaptability
100%
4 Aftermath
100%
8 As One
100%
7 Beast Boost
100%
8 Blaze
100%
5 Cursed Body
100%
7 Dancer
100%
9 Defiant
100%
7 Disguise
100%
5 Flame Body
100%
5 Flare Boost
100%
5 Flash Fire
100%
4 Frisk
100%
9 Good as Gold
100%
8 Grim Neigh
100%
6 Harvest
100%
9 Heatproof
100%
8 Illusion
100%
5 Infiltrator
100%
9 Inner Focus
100%
3 Insomnia
100%
5 Iron Fist
100%
3 Keen Eye
100%
5 Klutz
100%
3 Levitate
100%
7 Lightning Rod
100%
7 Long Reach
100%
6 Magic Bounce
100%
6 Magician
100%
4 Multitype
100%
5 Mummy
100%
5 No Guard
100%
7 Overgrow
100%
8 Perish Body
100%
6 Pickup
100%
5 Prankster
100%
3 Pressure
100%
9 Protosynthesis
100%
7 RKS System
100%
7 Rock Head
100%
9 Run Away
100%
9 Sand Rush
100%
7 Sand Veil
100%
5 Shadow Tag
100%
4 Snow Cloak
100%
9 Snow Warning
100%
4 Stall
100%
6 Stance Change
100%
9 Swift Swim
100%
7 Technician
100%
5 Telepathy
100%
9 Unaware
100%
9 Unseen Fist
100%
9 Vital Spirit
100%
8 Wandering Spirit
100%
5 Water Absorb
100%
7 Water Compaction
100%
8 Weak Armor
100%
9 Wind Rider
100%
3 Wonder Guard
100%
6 Damp
67%
9 Fluffy
67%
9 Hospitality
67%
8 Mold Breaker
67%
6 Natural Cure
67%
9 Poison Puppeteer
67%
7 Prism Armor
67%
8 Rattled
67%
7 Shadow Shield
67%
7 Steelworker
67%
4 Unburden
67%
8 Clear Body
33%
No matching quizzes found
Score Distribution
Percent of People with Each Score
Percentile by Number Answered
Your Score History
You have not taken this quiz since the last reset